000 00963nam a2200277Ia 4500
003 OSt
005 20220918171035.0
006 a|||||r|||| 00| 0
007 ta
008 220917b |||||||| |||| 00| 0 eng d
020 _a9781138125056 (hbk)
_cUKP 85.00
024 _a348,448
037 _b020, 06/02/2019, Excel Book International
_cTextual
040 _aARTS
_cARTS
_beng
041 _2eng
_aeng
082 _aO111:g(V:17), Q9
100 _aAtia Nadia Ed.
_933470
245 0 _aPopular postcolonialisms
_b discourses of empire and popular culture
260 _aNew York
_bRoutledge USA
_c2019
300 _aviii,275p.
_ccm.
490 _aRoutledge research in postcolonial literature
650 _aENGLISH LITERATURE; POSTCOLONIALISM
_932383
700 _a Houlden Kate Ed.
_933471
942 _hO111:g(V:17), Q9
_cTEXL
_2CC
999 _c137485
_d137485